000 nam a22 7a 4500
999 _c8377
_d8377
008 180116b ||||| |||| 00| 0 eng d
100 _aMarkstrat
_94788
245 _aThe Magic Slippers
260 _aChennai
_bMarks
_c2006